| Поле | Инд. | ПП | Название | Значение |
|---|---|---|---|---|
| Тип записи | a | |||
| Библиографический уровень | b | |||
| 001 | Контрольный номер | 0150f9667c2a407195171199a9d48a41 | ||
| 005 | Дата корректировки | 20251121165800.0 | ||
| 008 | Кодируемые данные | 20140826 | ||
| 040 | b | Код языка каталог. | rus | |
| e | Правила каталог. | PSBO | ||
| 041 | 0_ | a | Код языка текста | rus |
| 084 | a | Индекс другой классификации/Индекс ББК | 74.03 | |
| 100 | 1_ | a | Автор | Помелов В. Б. |
| q | Полное имя | Помелов Владимир Борисович | ||
| 245 | 10 | a | Заглавие | Видный российский педагог и публицист А. Н. Острогорский |
| 500 | a | Примечание | Электронная версия статьи: https://doi.org/10.30853/pedagogy.2018.4.3 | |
| 504 | a | Библиография | Лит. в конце статьи | |
| 600 | 14 | a | Персоналии | Острогорский Алексей Николаевич |
| 650 | 14 | a | Основная рубрика | образование; история образования |
| 653 | 1_ | a | Ключевые слова | "Педагогическая хрестоматия" |
| a | Ключевые слова | "Педагогический сборник" | ||
| a | Ключевые слова | XIX век | ||
| a | Ключевые слова | XX век | ||
| a | Ключевые слова | личность учителя | ||
| a | Ключевые слова | нравственное воспитание | ||
| a | Ключевые слова | педагогическая деятельность | ||
| a | Ключевые слова | педагогическая публицистика | ||
| a | Ключевые слова | публицистическая деятельность | ||
| a | Ключевые слова | Российская империя | ||
| a | Ключевые слова | Россия | ||
| a | Ключевые слова | система образования | ||
| a | Ключевые слова | умственное развитие | ||
| 773 | 08 | t | Заглавие источника | Педагогика. Вопросы теории и практики |
| d | Дата издания источника | 2018 | ||
| g | Прочая информация | № 4. - С. 15 - 22 | ||
| w | Контрольный № источника | DU/602701126 | ||
| 901 | t | Тип документа | b |